Artilharia da Liga dos Campeões 2016/17 - Statistics

Estatísticas Gerais
  • Esse quiz foi jogado 165 vezes
  • A pontuação média é 11 de 12
Estatísticas das Respostas
Nacionalidade Jogador Gols Clube % Correto
Argentino Messi 11 Barcelona
100%
Português Cristiano Ronaldo 12 Real Madrid
99%
Polonês Lewandowski 8 Bayern Munich
99%
Uruguaio Cavani 8 PSG
98%
Francês Mbappé 6 Monaco
97%
Francês Benzema 5 Real Madrid
95%
Argentino Agüero 5 Manchester City
94%
Francês Griezmann 6 Atlético Madrid
94%
Colombiano Falcao 5 Monaco
84%
Gabonense Aubameyang 7 Borussia Dormund
82%
Belga Mertens 5 Napoli
79%
Argentino Higuaín 5 Juventus
69%
Nenhum quiz correspondente encontrado
Distribuição das Pontuações
Porcentagem de Pessoas com Cada Pontuação
Percentil de Números Respondidos
Sua Pontuação Histórica
Você não jogou esse quiz